10 Największych miast na Słowacji - Statystyki

Ogólne statystyki
  • Ten quiz został rozwiązany 29 razy
  • Średni wynik to 5 z 10
Statystyki odpowiedzi
Ludność Odpowiedź % Poprawnych
437 725 Bratysława
100%
238 593 Koszyce
92%
88 464 Preszów
54%
76 533 Nitra
46%
51 235 Poprad
46%
65 033 Trnawa
46%
80 727 Żylina
46%
78 084 Bańska Bystrzyca
42%
55 383 Trenczyn
42%
54 168 Martin
25%
Nie znaleziono quizów pasujących do podanych kryteriów
Rozkład punktacji
Procent ludzi z każdym wynikiem
Percentyl według liczby udzielonych odpowiedzi
Twoja historia wyników
Nie rozwiązałeś tego quizu